000 00499nam a2200181Ia 4500
005 20240806072204.0
008 240331s9999 xx 000 0 und d
020 _a0761994823
082 _bPAG
_a384.55
100 _aPage, D & Crawley, William
245 0 _aSatellites over South Asia :
_bbroadcasting, culture and the public interest
260 _aNew Delhi
_bSage Publications
_c2001
300 _a455 p .,
650 _aSocial
650 _aCulture
650 _aPublic Interest
942 _cL
999 _c2981
_d2981